[Event "Foment Martinenc op-C 21st"]
[Site "Barcelona"]
[Date "2019.05.04"]
[Round "2"]
[White "Gallerey Ramos, Adrian"]
[Black "Morales Gesti, Jose Narciso"]
[Result "0-1"]
[WhiteElo "1424"]
[BlackElo "1591"]
[PlyCount "66"]
[EventDate "2019.04.27"]
[EventType "swiss"]
[EventRounds "9"]
[EventCountry "ESP"]
[SourceTitle "EXT 2020"]
[Source "ChessBase"]
[SourceDate "2019.10.17"]
[SourceVersion "1"]
[SourceVersionDate "2019.10.17"]
[SourceQuality "1"]

1. d4 d6 2. Nc3 b6 3. e4 Bb7 4. b3 e6 5. Bf4 g6 6. d5 Bg7 7. Qe2 Bxc3+ 8. Bd2 Bxa1 9. h4 Qe7 10. c3 exd5 11. Qd1 Qxe4+ 12. Be2 Qxg2 13. Rh3 Qe4 14. Re3 Qxe3 15. Bxe3 f6 16. Qxa1 Nd7 17. Bb5 c6 18. Bd3 0-0-0 19. a4 Ne7 20. a5 Kc7 21. axb6+ axb6 22. Ba6 Ra8 23. c4 Rhf8 24. b4 Bxa6 25. c5 bxc5 26. bxc5 dxc5 27. Qa3 Kd6 28. Ne2 Bxe2 29. Bxc5+ Nxc5 30. Qg3+ Ke6 31. Kxe2 Ra2+ 32. Kf1 Ne4 33. Qg4+ f5 0-1